ბათუმის შოთა რუსთაველის სახელმწიფო უნივერსიტეტის ბიბლიოთეკა

Древние цивилизации/Ancient Civilizations / (ბიბ.ჩანაწერი № 60892)

000 -LEADER
fixed length control field 00678nam a22001697a 4500
005 - DATE AND TIME OF LATEST TRANSACTION
control field 20231115115342.0
008 - FIXED-LENGTH DATA ELEMENTS--GENERAL INFORMATION
fixed length control field 231115s1989 ru ||||| |||| 00| 0 rus d
020 ## - INTERNATIONAL STANDARD BOOK NUMBER
International Standard Book Number 5244002740
041 ## - LANGUAGE CODE
Language code of text/sound track or separate title rus
080 ## - UNIVERSAL DECIMAL CLASSIFICATION NUMBER
Universal Decimal Classification number 008((100)(09) +930.85(100) Д-73
245 ## - TITLE STATEMENT
Title Древние цивилизации/Ancient Civilizations /
Statement of responsibility, etc. Под общей ред. Г.М. Бонгард-Левина.
264 ## - PRODUCTION, PUBLICATION, DISTRIBUTION, MANUFACTURE, AND COPYRIGHT NOTICE
Place of production, publication, distribution, manufacture Москва :
Name of producer, publisher, distributor, manufacturer Мысль,
Date of production, publication, distribution, manufacture, or copyright notice 1989.
300 ## - PHYSICAL DESCRIPTION
Extent 480 стр.:
Other physical details ил.;
Dimensions 24 см.
653 ## - INDEX TERM--UNCONTROLLED
keyword უძველესი ცივილიზაციები
700 ## - ADDED ENTRY--PERSONAL NAME
Personal name Бонгард-Левин, Г. М.
Relator term რედაქტორი
9 (RLIN) 20387
942 ## - ADDED ENTRY ELEMENTS (KOHA)
Source of classification or shelving scheme
Koha item type წიგნი
ეგზემპლარები
Withdrawn status Lost status Source of classification or shelving scheme Damaged status Not for loan Permanent Location Current Location Shelving location Date acquired Cost, normal purchase price Full call number Barcode Date last seen Copy number Uniform Resource Identifier Price effective from Koha item type Public note
          ბათუმის შოთა რუსთაველის სახელმწიფო უნივერსიტეტის მთავარი ბიბლიოთეკა ბათუმის შოთა რუსთაველის სახელმწიფო უნივერსიტეტის მთავარი ბიბლიოთეკა წიგნსაცავი 2023-11-15 12.00 008((100)(09) +930.85(100) Д-73 65455 2023-11-15 65455 ბსუ-ს საპატიო დოქტორის გურამ ლორთქიფანიძის საჩუქარი 2023-11-15 წიგნი 12 ლ.
          ბათუმის შოთა რუსთაველის სახელმწიფო უნივერსიტეტის მთავარი ბიბლიოთეკა ბათუმის შოთა რუსთაველის სახელმწიფო უნივერსიტეტის მთავარი ბიბლიოთეკა წიგნსაცავი 2023-11-15 12.00 008((100)(09) +930.85(100) Д-73 65454 2023-11-15 65454 ბსუ-ს საპატიო დოქტორის გურამ ლორთქიფანიძის საჩუქარი 2023-11-15 წიგნი 12 ლ.